| 000 | 00576nam a22001817a 4500 | ||
|---|---|---|---|
| 999 |
_c5516 _d5516 |
||
| 003 | AR-CdUCM | ||
| 008 | 190312b ||||| |||| 00| 0 spa d | ||
| 040 |
_aMUNICIPALIDAD PROVINCIAL DEL CUSCO _cBIBLIOTECA MUNICIPAL DEL CUSCO |
||
| 082 |
_a860.81 / _bM42 |
||
| 245 | _aLas cien mejores poesías líricas de la lengua castellana / | ||
| 260 |
_aBuenos Aires : _bTor, _c1957. |
||
| 300 |
_a246 páginas ; _c17 cm. |
||
| 650 |
_aPoesía _9139 |
||
| 650 |
_aColecciones _9607 |
||
| 700 |
_aMenéndez y Pelayo, Marcelino (compilador) _916542 |
||
| 942 |
_2ddc _cLIBROS |
||
| 945 | _azta | ||